La lucha contra las enfermedades venéreas, lo que es y lo que debiera ser (Record no. 89634)

MARC details
000 -LEADER
campo de control de longitud fija 00855nam a2200193 i 4500
001 - NÚMERO DE CONTROL
campo de control 89634
003 - IDENTIFICADOR DE NÚMERO DE CONTROL
campo de control ES-MaACL
005 - FECHA Y HORA DE LA ÚLTIMA TRANSACCIÓN
campo de control 20250806052100.0
007 - CAMPO FIJO DE DESCRIPCIÓN FÍSICA--INFORMACIÓN GENERAL
campo de control de longitud fija t|
008 - DATOS DE LONGITUD FIJA--INFORMACIÓN GENERAL
campo de control de longitud fija 050111s1920 sp ||||1| spa d
100 1# - ENTRADA PRINCIPAL--NOMBRE DE PERSONA
Nombre de persona Rodrigo Lavin, Leonardo.
9 (RLIN) 98185
245 13 - MENCIÓN DEL TÍTULO
Título La lucha contra las enfermedades venéreas, lo que es y lo que debiera ser
Resto del título : historia e inducciones de un ensayo de organización profiláctica anti-venérea /
Mención de responsabilidad, etc. Leonardo Rodrigo Lavín.
260 ## - PUBLICACIÓN, DISTRIBUCIÓN, ETC.
Lugar de publicación, distribución, etc. Cádiz :
Nombre del editor, distribuidor, etc. [s.n.],
Fecha de publicación, distribución, etc. 1920.
490 1# - MENCIÓN DE SERIE
Mención de serie Publicaciones de la Inspección de Sanidad de la Provincia de Cádiz . Serie monográfica ;
Designación de volumen o secuencia 6
650 #7 - PUNTO DE ACCESO ADICIONAL DE MATERIA--TÉRMINO DE MATERIA
Término de materia o nombre geográfico como elemento de entrada Enfermedades de transmisión sexual
Fuente del encabezamiento o término embne
9 (RLIN) 12260
830 1# - PUNTO DE ACCESO ADICIONAL DE SERIE-TÍTULO UNIFORME
Título uniforme Publicaciones de la Inspección de Sanidad de la Provincia de Cádiz . Serie monográfica ;
Designación de volumen o secuencia 6
9 (RLIN) 231902
852 ## - LOCALIZACIÓN
Ubicación ES-MaACL
Número de control de estantería 1591-F-22
Holdings
Estatus retirado Estado de pérdida Estado de daño No para préstamo Colección Biblioteca de origen Biblioteca actual Ubicación en estantería Fecha de adquisición Fuente de adquisición Total de préstamos Signatura topográfica completa Código de barras Visto por última vez Precio de reemplazo Tipo de ítem Koha
        Colección de folletos Biblioteca del Ateneo de Madrid Biblioteca del Ateneo de Madrid Depósito folletos 17/01/2008     1591-F-22 1093611 23/02/2023 23/02/2023 Folleto